| 000 | 00506nam a2200241Ia 4500 | ||
|---|---|---|---|
| 003 | IT-RoPAU | ||
| 008 | 120407s9999 xx 000 0 und d | ||
| 040 | _aIT-RoPAU | ||
| 040 | _cIT-RoPAU | ||
| 041 | _aita | ||
| 100 | _aErma | ||
| 245 | _aIl Pastore di Erma. Trad. di G. Bosio. | ||
| 250 | _aTorino | ||
| 260 | _aSei | ||
| 260 | _c1955 | ||
| 300 | _a262 p. | ||
| 300 | _c21 cm | ||
| 490 | _aCorona Patrum | ||
| 490 | _v1 | ||
| 700 | _aPadri Apostolici III | ||
| 942 | _cBK | ||
| 999 |
_c30808 _d30808 |
||